000 01013cam a22002655a 4500
005 20091103014612.0
008 090911s2009 ii ab b 100 0 eng d
010 _aENG-95339
020 _a8170244242
_c495.00
035 _aEN-78872
037 _bDBAD/PUB
040 _aDPL
_beng
082 _a371.146
100 _aSiddiqui, Mohd. Akhtar
245 _aIn- Service Teacher Education /
_cby Mohd. Akhtar Siddiqui
260 _aNew Delhi :
_bAPH Publishing Corporation
_c2009
270 _a4435-36/7. Ansari road, Darya Ganj
_bNew Delhi
_e110002
300 _a xv, 150 p.
_c22 cm. (Hb)
500 _aIncludes Index and bibliography
520 _aContributed articles.
650 _aTeacher
_xIn-service training
942 _2ddc
_cEN
_mSID
_h371.146
999 _c31404
_d31404